Statistiche per Primo Scudetto - Quiz n°1

Clicka qui per fare il quiz!

Statistiche generali

  • Questo quiz è stato fatto 3 volte
  • Il punteggio medio è 4 su 8

Statistiche sulle risposte

HintRisposta% Corretto
Genoa1898
100%
Juventus1905
67%
Fiorentina1955-1956
67%
Lazio1973-1974
67%
Napoli1986-1987
67%
Inter1909
33%
Novese1921-1922
33%
Torino1927-1928
0%

Distribuzione punteggi

Percentile per numero di risposta

Percentuale di utenti per punteggio

I tuoi punteggi nel tempo

Non hai fatto questo quiz